000 00731nam a22001337a 4500
040 _cRUA
082 _aAGR KEN 2021 B1.586 Or.
100 _aKEN MAB កែន​​ ម៉ាប់
245 _aEVALUATION OF CAMBODIAN RICE VARIETIES AT SEEDLING STAGE FOR SALINITY TOLERANCE BY PHYSIOLOGICAL CHARARS ការវាយតម្លៃពូជស្រូវកម្ពុជានៅដំណាក់កាលសំណាបសម្រាប់ការធន់នឹងអំបិលដោយលក្ខណះសរិរវិទ្យា
260 _aPHNOM PENH
_bRUA
_c2021
300 _aVIII.44P
_bV.
_c29CM
856 _uhttps://drive.google.com/file/d/15RzNLmD3wtHHSam0jAzU4xJcfZw9hMLf/view?usp=sharing
942 _cAGR
999 _c22676
_d22676